<?xml version="1.0" encoding="UTF-8"?><?xml-stylesheet type="text/xsl" href="static/style.xsl"?><OAI-PMH xmlns="http://www.openarchives.org/OAI/2.0/" xmlns:xsi="http://www.w3.org/2001/XMLSchema-instance" xsi:schemaLocation="http://www.openarchives.org/OAI/2.0/ http://www.openarchives.org/OAI/2.0/OAI-PMH.xsd"><responseDate>2026-04-13T00:07:13Z</responseDate><request verb="GetRecord" identifier="oai:www.recercat.cat:2445/205142" metadataPrefix="marc">https://recercat.cat/oai/request</request><GetRecord><record><header><identifier>oai:recercat.cat:2445/205142</identifier><datestamp>2025-12-04T21:19:04Z</datestamp><setSpec>com_2072_1057</setSpec><setSpec>col_2072_478859</setSpec><setSpec>col_2072_478917</setSpec></header><metadata><record xmlns="http://www.loc.gov/MARC21/slim" xmlns:dcterms="http://purl.org/dc/terms/" xmlns:xsi="http://www.w3.org/2001/XMLSchema-instance" xmlns:doc="http://www.lyncode.com/xoai" xsi:schemaLocation="http://www.loc.gov/MARC21/slim http://www.loc.gov/standards/marcxml/schema/MARC21slim.xsd">
   <leader>00925njm 22002777a 4500</leader>
   <datafield ind2=" " ind1=" " tag="042">
      <subfield code="a">dc</subfield>
   </datafield>
   <datafield ind2=" " ind1=" " tag="720">
      <subfield code="a">Obaco Álvarez, Moisés Lenyn</subfield>
      <subfield code="e">author</subfield>
   </datafield>
   <datafield ind2=" " ind1=" " tag="720">
      <subfield code="a">Davi-Arderius, Daniel</subfield>
      <subfield code="e">author</subfield>
   </datafield>
   <datafield ind2=" " ind1=" " tag="720">
      <subfield code="a">Pontarollo, Nicola</subfield>
      <subfield code="e">author</subfield>
   </datafield>
   <datafield ind2=" " ind1=" " tag="260">
      <subfield code="c">2024-01-02T22:00:28Z</subfield>
   </datafield>
   <datafield ind2=" " ind1=" " tag="260">
      <subfield code="c">2024-01-02T22:00:28Z</subfield>
   </datafield>
   <datafield ind2=" " ind1=" " tag="260">
      <subfield code="c">2023</subfield>
   </datafield>
   <datafield ind2=" " ind1=" " tag="520">
      <subfield code="a">Developing countries are making great efforts to electrify residences to reduce dependence on fossil fuels and deal with climate change. In 2014, Ecuador launched a clean-cooking program known as the Programa de Cocción Eficiente (PCE) aimed at replacing liquefied petroleum gas (LPG)-fired cookstoves and LPG-fired boilers with electric devices. Using an original dataset of monthly information (2015-2021) at the parish level, we study several important determinants of participation in this program that have not yet been addressed. We first model spatial spillovers and then investigate the impact of regional power quality and the effect of other subsidized programs related to electricity consumption. Our results show spillover effects for PCE participation with regard to cooking but not for the overall PCE participation rate. Higher participation is associated to better supply quality and with the use of other power subsidies. Policy recommendations include the need to perform detailed spatial analyses of the determinants of participation in these programs, instead of using surveys, and designing programs using a placed-based approach, in addition to evaluating cross-sectional effects between subsidies in advance in order to avoid unforeseen trade-offs and considering the regulatory framework for utilities to provide effective incentives to improve supply quality.</subfield>
   </datafield>
   <datafield tag="653" ind2=" " ind1=" ">
      <subfield code="a">Política energètica</subfield>
   </datafield>
   <datafield tag="653" ind2=" " ind1=" ">
      <subfield code="a">Països en vies de desenvolupament</subfield>
   </datafield>
   <datafield tag="653" ind2=" " ind1=" ">
      <subfield code="a">Amèrica Llatina</subfield>
   </datafield>
   <datafield tag="653" ind2=" " ind1=" ">
      <subfield code="a">Energy policy</subfield>
   </datafield>
   <datafield tag="653" ind2=" " ind1=" ">
      <subfield code="a">Developing countries</subfield>
   </datafield>
   <datafield tag="653" ind2=" " ind1=" ">
      <subfield code="a">Latin America</subfield>
   </datafield>
   <datafield ind2="0" ind1="0" tag="245">
      <subfield code="a">Spillover effects and regional determinants in the Ecuadorian clean-cooking program: A spatiotemporal econometric analysis</subfield>
   </datafield>
</record></metadata></record></GetRecord></OAI-PMH>